000 00211nam a2200097Ia 4500
008 220204s9999 xx 000 0 und d
082 _a82-3
_bMOR
100 _aMorris, Suzanne
245 0 _aGalveston
942 _cBK
999 _c30936
_d30936